00655 2200193 4500001002100000005001700021008004100038035002400079082001000103090001900113100001900132245014400151260004600295300003600341500002200377504002600399650001800425990001800443YOGYA-0313000000015920130306085619.0 ind  0010-031300000000159 a351.2 aSK 351.2 Eko P aEKO KURNIYANTO aPeranan catatan sipil dalam melaksanakan undang - undang no. 1/ tahun 1974 di kabupaten daerah tingkat II Gunung kidulcOleh Eko kurniyanto aYogyakarta:bUniversitas Janabadra,c1998 aix, 68(23) lbr.:bLamp.;c29 cm aSkripsi Janabadra aBibliografi : lbr. 69 aCatatan sipil a44415-PD/A.12